| 000 | 01513 a2200253 4500 | ||
|---|---|---|---|
| 001 | 43485 | ||
| 005 | 20260407155717.0 | ||
| 008 | 260407a2010 arg spa d | ||
| 003 | AR-UNSa-BCEJYS | ||
| 040 |
_aAR-UNSa-BCEJYS _bspa _cAR-UNSa-BCEJYS |
||
| 080 |
_a330.101.541 _xMacroeconomía |
||
| 245 | 1 | 0 | _aMacroeconomía Argentina |
| 020 | _a978-987-1609-07-9 | ||
| 250 | _a2a. ed. | ||
| 264 | 1 |
_aBuenos Aires : _bAlfaomega _c2010 |
|
| 300 |
_axiv, 493 p. _c22 cm. |
||
| 505 | _a1. Introducción: conceptos esenciales de macroeconomía - 2. La riqueza de las naciones - 3. Las causas del crecimiento económico - 4. La macroeconomía en el corto plazo: introducción - 5. El equilibrio macroeconómico: introducción - 6. El mercado de trabajo - 7. Empleo, producción y demanda en una economía abierta - 8. Fluctuaciones económicas con tipo de cambio fijo - 9. La creación de dinero - 10. Demanda de dinero, tipo de cambio y equilibrio monetario - 11. Política monetaria en pleno empleo y en el largo plazo - 12. La política monetaria ante el equilibrio macroeconómico - 13. La restricción externa - 14. La política fiscal - 15. Inflación, hiperinflación y estabilización - 16. El sistema financiero - 17. Las grandes economías y la economía mundial | ||
| 041 | _aspa | ||
| 942 | _cBK | ||
| 590 | _aniveau_biblio:m niveau_hierar:0 | ||
| 100 | 1 | _aBraun, Miguel | |
| 700 | 1 | _aLlach, Lucas | |
| 856 | 4 | 1 |
_uhttps://biblioeco.unsa.edu.ar/pmb/images/libros/L126660.jpg _yImagen de portada _qimage/jpeg |
| 999 |
_c3690 _d3690 |
||